000
00341 a2200157 4500
001
74239
020
_a
040
_c
Anchieta - Colégio São Paulo
100
_a
Muller, Marina
240
1
0
_a
Orientação vocacional
_l
por
245
1
0
_a
Orientação vocacional
300
_a
150
362
0
_a
1988
650
4
_a
Educação
942
_c
BK
999
_c
74239
_d
74239